| 000 | 00371nam a2200145 a 4500 | ||
|---|---|---|---|
| 005 | 20140412111326.0 | ||
| 008 | 110127s19uu xx 00 eng d | ||
| 020 | _a0590-49239-x | ||
| 050 |
_aTR(GS 611 _bS39 1993 |
||
| 100 | _aSilver, Donald | ||
| 245 |
_aThe Body book / _cDonald Silver. |
||
| 260 |
_aU.S.A : _bScholastic, _c1993. |
||
| 300 | _a128p. | ||
| 999 |
_c104645 _d104645 |
||